<?xml version="1.0" encoding="UTF-8"?>
<record
    xmlns:xsi="http://www.w3.org/2001/XMLSchema-instance"
    xsi:schemaLocation="http://www.loc.gov/MARC21/slim http://www.loc.gov/standards/marcxml/schema/MARC21slim.xsd"
    xmlns="http://www.loc.gov/MARC21/slim">

  <leader>01909nam a22002057a 4500</leader>
  <controlfield tag="005">20250122152638.0</controlfield>
  <controlfield tag="008">240831b           ||||| |||| 00| 0 eng d</controlfield>
  <datafield tag="020" ind1=" " ind2=" ">
    <subfield code="a">9788197680861</subfield>
  </datafield>
  <datafield tag="040" ind1=" " ind2=" ">
    <subfield code="c">AL</subfield>
  </datafield>
  <datafield tag="041" ind1=" " ind2=" ">
    <subfield code="a">English</subfield>
  </datafield>
  <datafield tag="082" ind1=" " ind2=" ">
    <subfield code="2">23</subfield>
    <subfield code="a">954.0835</subfield>
    <subfield code="b">FERB</subfield>
  </datafield>
  <datafield tag="100" ind1=" " ind2=" ">
    <subfield code="a">Reshel Bretny Fernandes</subfield>
    <subfield code="9">194617</subfield>
  </datafield>
  <datafield tag="245" ind1=" " ind2=" ">
    <subfield code="a">Bharat @ 2047: Role of Youth</subfield>
  </datafield>
  <datafield tag="260" ind1=" " ind2=" ">
    <subfield code="a">Uttarakhand</subfield>
    <subfield code="b">Taneesha Publishers</subfield>
    <subfield code="c">2024</subfield>
  </datafield>
  <datafield tag="300" ind1=" " ind2=" ">
    <subfield code="a">375 p.</subfield>
    <subfield code="b">PB</subfield>
    <subfield code="c">22x13.7 cm.</subfield>
  </datafield>
  <datafield tag="365" ind1=" " ind2=" ">
    <subfield code="a">2968</subfield>
    <subfield code="b">&#x20B9;585.00</subfield>
    <subfield code="c">&#x20B9;</subfield>
    <subfield code="d">&#x20B9;650.00</subfield>
    <subfield code="e">10%</subfield>
    <subfield code="f">13-09-2024</subfield>
  </datafield>
  <datafield tag="520" ind1=" " ind2=" ">
    <subfield code="a">The book "Bharat @ 2047: Role of Youth - A View from the Young" is a testament to the limitless potential of Bharat's youth and its resilient spirit. Reshel Bretny Fernandes takes us on an inspiring and reflective journey towards 'Viksit Bharat' by 2047 with the nation's youth as the torchbearers of this revolution. Drawing inspiration from the timeless teachings of renowned leaders such as Sardar Patel, Aurobindo Ghosh, Dattopant Thengadi, Swami Vivekananda and many others, Reshel offers an inquisitive insight into the path for the country and the nation's youth during the next two decades.
Reshel puts forth a collage of ideas and goals interwoven with strands of optimism, persistence, and courage. The book provides a comprehensive viewpoint on the role of the youth in determining the destiny of our nation, taking into account everything from vibrant Bharatiya culture to the landscape of modern challenges. The author offers valuable insights into the role that youth play in determining the future of our country through a thorough examination of a variety of topics such as manufacturing, sustainable development, social justice, science, innovation, and leadership. The book emphasises how innovative thinking and youthful optimism may create positive change and promote a more just and inclusive society.</subfield>
  </datafield>
  <datafield tag="700" ind1=" " ind2=" ">
    <subfield code="a">FERNANDES (Reshel B)</subfield>
    <subfield code="9">178376</subfield>
  </datafield>
  <datafield tag="942" ind1=" " ind2=" ">
    <subfield code="2">ddc</subfield>
    <subfield code="c">BK</subfield>
  </datafield>
  <datafield tag="999" ind1=" " ind2=" ">
    <subfield code="c">231679</subfield>
    <subfield code="d">231679</subfield>
  </datafield>
  <datafield tag="952" ind1=" " ind2=" ">
    <subfield code="0">0</subfield>
    <subfield code="1">0</subfield>
    <subfield code="2">ddc</subfield>
    <subfield code="4">0</subfield>
    <subfield code="7">0</subfield>
    <subfield code="8">GEN</subfield>
    <subfield code="a">AL</subfield>
    <subfield code="b">AL</subfield>
    <subfield code="d">2024-08-31</subfield>
    <subfield code="e">Biblios Book Point Surathkal Mangalore 575014</subfield>
    <subfield code="g">585.00</subfield>
    <subfield code="l">0</subfield>
    <subfield code="o">954.0835 FERB</subfield>
    <subfield code="p">077324</subfield>
    <subfield code="r">2024-08-31 00:00:00</subfield>
    <subfield code="v">650.00</subfield>
    <subfield code="w">2024-08-31</subfield>
    <subfield code="y">BK</subfield>
  </datafield>
</record>
